Statistics for Writers by their works - poetry

Click here to take the quiz!

General Stats

  • This quiz has been taken 69 times
  • The average score is 7 of 15

Answer Stats

HintAnswer% Correct
The RavenEdgar Allan Poe
90%
The Waste LandT S Eliot
72%
JabberwockyLewis Carroll
66%
The Road Not TakenRobert Frost
64%
Do Not Go Gentle Into That GoodnightDylan Thomas
59%
The Rime of the Ancient MarinerSamuel Taylor Coleridge
57%
Because I could not stop for DeathEmily Dickinson
56%
DaffodilsWilliam Wordsworth
56%
My mistress' eyes are nothing like the sunWilliam Shakespeare
48%
Don JuanLord Byron
46%
Song of MyselfWalt Whitman
46%
Lady LazarusSylvia Plath
33%
HarlemLangston Hughes
18%
We Real CoolGwendolyn Brooks
15%
Casey at the BatErnest Lawrence Thayer
7%

Score Distribution

Percentile by Number Answered

Percent of People with Each Score

Your Score History

You have not taken this quiz